Apertura y modernización : (Registro nro. 5694)

Detalles MARC
000 -LEADER
fixed length control field 01195nam a2200301Ia 4500
003 - CONTROL NUMBER IDENTIFIER
control field OSt
005 - DATE AND TIME OF LATEST TRANSACTION
control field 20200717161344.0
008 - FIXED-LENGTH DATA ELEMENTS--GENERAL INFORMATION
fixed length control field 191128s1991 ck gr 000 0 spa d
020 ## - INTERNATIONAL STANDARD BOOK NUMBER
International Standard Book Number 9586013111
040 ## - CATALOGING SOURCE
Original cataloging agency CO-JMCR
Transcribing agency CO-JMCR
041 0# - LANGUAGE CODE
Language code of text/sound track or separate title spa
082 04 - DEWEY DECIMAL CLASSIFICATION NUMBER
Classification number 330.9861 /
Item number L865a
Edition number 23
100 1# - MAIN ENTRY--PERSONAL NAME
Personal name Lora, Eduardo,
Relator term editor
9 (RLIN) 2270
245 10 - TITLE STATEMENT
Title Apertura y modernización :
Remainder of title las reformas de los noventa /
Statement of responsibility, etc. Eduardo Lora editor ; Hernán Beltz Peralta, Germán Botero de los Ríos, Fernando Botero Zea [y otros]
250 ## - EDITION STATEMENT
Edition statement Primera edición
260 ## - PUBLICATION, DISTRIBUTION, ETC.
Place of publication, distribution, etc. Bogotá :
Name of publisher, distributor, etc. Tercer Mundo : Fedesarrollo,
Date of publication, distribution, etc. 1991.
300 ## - PHYSICAL DESCRIPTION
Extent 298 páginas ;
Dimensions 20 cm.
490 0# - SERIES STATEMENT
Series statement Economía colombiana
505 0# - FORMATTED CONTENTS NOTE
Formatted contents note La reforma laboral -- La reforma cambiaria -- La reforma financiera -- Infrastructura vial -- Reorganización del sector público
650 14 - SUBJECT ADDED ENTRY--TOPICAL TERM
Topical term or geographic name entry element Ajuste estructural
9 (RLIN) 7275
650 24 - SUBJECT ADDED ENTRY--TOPICAL TERM
Topical term or geographic name entry element Apertura económica
9 (RLIN) 2295
650 24 - SUBJECT ADDED ENTRY--TOPICAL TERM
Topical term or geographic name entry element Cambio exterior
Geographic subdivision Colombia
9 (RLIN) 7472
650 24 - SUBJECT ADDED ENTRY--TOPICAL TERM
Topical term or geographic name entry element Reforma financiera
Geographic subdivision Colombia
9 (RLIN) 7473
700 1# - ADDED ENTRY--PERSONAL NAME
Personal name Beltz Peralta, Hernán,
Relator term autor
9 (RLIN) 7474
700 1# - ADDED ENTRY--PERSONAL NAME
Personal name Botero de los Ríos, Germán,
Relator term autor
9 (RLIN) 7475
700 1# - ADDED ENTRY--PERSONAL NAME
Personal name Botero Zea, Fernando,
Relator term autor
9 (RLIN) 7476
942 ## - ADDED ENTRY ELEMENTS (KOHA)
Source of classification or shelving scheme Dewey Decimal Classification
Koha item type Books
Existencias
Withdrawn status Lost status Source of classification or shelving scheme Materials specified (bound volume or other part) Damaged status Not for loan Home library Current library Shelving location Date acquired Source of acquisition Full call number Barcode Date last seen Copy number Price effective from Koha item type
    Dewey Decimal Classification Donación--15/04/2018--     Biblioteca Pública José María del Castillo y Rada Biblioteca Pública José María del Castillo y Rada General Stacks 11/28/2019 Donación 330.9861 / L865a 430003920 05/16/2024 Ej.1 11/28/2019 Books